000 00611pam a2200217 i 4500
001 846970
005 20180206035452.0
008 780329s1978 nyu 000 0 eng
010 _a 78006695
020 _a0814454720 :
_c$12.95
040 _aDLC
_cDLC
_dDLC
041 _aeng
043 _an-us---
080 _a658.4 WIL
082 0 0 _a658.4 WIL
100 _a54
101 _aMAN
245 0 0 _aEffective management and the behavioral sciences :
_cedited by William Dowling.
906 _a7
_bcbc
_corignew
_d1
_eocip
_f19
_gy-gencatlg
942 _2ddc
_cBK
999 _c41867
_d41867